TEXTBOOK OF PHYSIOLOGY (Record no. 8896)

MARC details
000 -LEADER
fixed length control field 00450nam a22001817a 4500
005 - DATE AND TIME OF LATEST TRANSACTION
control field 20251209112614.0
008 - FIXED-LENGTH DATA ELEMENTS--GENERAL INFORMATION
fixed length control field 251008b |||||||| |||| 00| 0 eng d
020 ## - INTERNATIONAL STANDARD BOOK NUMBER
ISBN 978-81-908028-5-7
041 ## - LANGUAGE CODE
Language code of text/sound track or separate title eng
082 ## - DEWEY DECIMAL CLASSIFICATION NUMBER
Classification number 612 KRI-P
100 ## - MAIN ENTRY--AUTHOR NAME
Personal name KRISHNA, DR.A P
245 ## - TITLE STATEMENT
Title TEXTBOOK OF PHYSIOLOGY
250 ## - EDITION STATEMENT
Edition statement 9TH ED., 2022
260 ## - PUBLICATION, DISTRIBUTION, ETC. (IMPRINT)
Place of publication MANGALORE
Name of publisher SUMAN PUBLICATION
300 ## - PHYSICAL DESCRIPTION
Number of Pages 358;P
650 ## - SUBJECT ADDED ENTRY--TOPICAL TERM
Topical Term PARAMEDICAL
General subdivision BMIRT
942 ## - ADDED ENTRY ELEMENTS (KOHA)
Koha item type Books
Holdings
Lost status Damaged status Collection code Home library Current library Shelving location Date acquired Source of acquisition Cost, normal purchase price Serial Enumeration / chronology Full call number Accession Number Koha item type
    PARAMEDICAL JRU Library JRU Library SHELF-105-C 08/10/2025 PURCHASE 825.00 LBI/000780. DATE-4-10-2025 612 28995 Books
    PARAMEDICAL JRU Library JRU Library SHELF-105-C 08/10/2025 PURCHASE 825.00 LBI/000780. DATE-4-10-2025 612 28996 Books
    PARAMEDICAL JRU Library JRU Library SHELF-105-C 08/10/2025 PURCHASE 825.00 LBI/000780. DATE-4-10-2025 612 28997 Books
    PARAMEDICAL JRU Library JRU Library SHELF-105-C 08/10/2025 PURCHASE 825.00 LBI/000780. DATE-4-10-2025 612 28998 Books
    PARAMEDICAL JRU Library JRU Library SHELF-105-C 08/10/2025 PURCHASE 825.00 LBI/000780. DATE-4-10-2025 612 28999 Books
    PARAMEDICAL JRU Library JRU Library SHELF-105-C 08/12/2025 PURCHASE 825.00 LBI-000813/30-10-2025 612 KRI-P 29261 Books
    PARAMEDICAL JRU Library JRU Library SHELF-105-C 08/12/2025 PURCHASE 825.00 LBI-000813/30-10-2025 612 KRI-P 29262 Books
    PARAMEDICAL JRU Library JRU Library SHELF-105-C 08/12/2025 PURCHASE 825.00 LBI-000813/30-10-2025 612 KRI-P 29263 Books
    PARAMEDICAL JRU Library JRU Library SHELF-105-C 08/12/2025 PURCHASE 825.00 LBI-000813/30-10-2025 612 KRI-P 29264 Books
    PARAMEDICAL JRU Library JRU Library SHELF-105-C 08/12/2025 PURCHASE 825.00 LBI-000813/30-10-2025 612 KRI-P 29265 Books